00629nam a22001697a 4500003000900000005001700009008004100026020001800067040002400085082001800109100004000127245012800167260006500295300002000360650004800380700003100428DO-SdBNP20240314193807.0211206b2015 ||||| |||| 00| 0 spa d a9789945083804 aDO-SdBNPbspacBNPH a345.05bM896p1 aMoscoso Segarra, Alejandro Ad1964-1 aProcesal penal :bdiez años de interpretación : suplemento 2015 /cAlejandro Moscoso Segarra ; editor Ängel Potentini aSanto Domingo :bLibrería Jurídica Internacional, c2015 a107 p. ;c24 cm aProcedimiento penalzRepública Dominicana aPotentini, ÁngeleEditor